ORGANIC CHEMISTRY (Record no. 8769)

MARC details
000 -LEADER
fixed length control field 00346nam a22001577a 4500
003 - CONTROL NUMBER IDENTIFIER
control field SGT
020 ## - INTERNATIONAL STANDARD BOOK NUMBER
International Standard Book Number 978-81-317-0481-3
082 ## - DEWEY DECIMAL CLASSIFICATION NUMBER
Classification number 615.19
Item number O14M
100 ## - MAIN ENTRY--PERSONAL NAME
Personal name MORRISON, ROBERT.H BOYD, R.N
245 ## - TITLE STATEMENT
Title ORGANIC CHEMISTRY
250 ## - EDITION STATEMENT
Edition statement 7TH
260 ## - PUBLICATION, DISTRIBUTION, ETC. (IMPRINT)
Place of publication, distribution, etc DELHI
Name of publisher, distributor, etc PEARSON
Year of Publication 2014
300 ## - PAGE DESCRIPTION
No. of Pages 1475.00
650 ## - SUBJECT ADDED ENTRY--TOPICAL TERM
Topical term or geographic name as entry element CHEMISTRY
942 ## - ADDED ENTRY ELEMENTS (KOHA)
Source of classification or shelving scheme Dewey Decimal Classification
Koha item type Books
942 ## - ADDED ENTRY ELEMENTS (KOHA)
-- 14
Holdings
Withdrawn status Lost status Source of classification or shelving scheme Damaged status Not for loan Collection code Home library Current library Shelving location Date acquired Vendor Name Cost, normal purchase price SGTU Bill Number Total Checkouts Full call number Accession No. (Barcode) Date last seen Date last borrowed Bill Date Koha item type Use restrictions
    Dewey Decimal Classification     PHARMACY SGT FA-FP Library SGT FA-FP Library Text Book 07/04/2016 AHUJA 875.00 SGTU 6742 23 615.19 O14M FP1751 15/01/2025 27/12/2024 16/03/2016 Books  
    Dewey Decimal Classification     PHARMACY SGT FA-FP Library SGT FA-FP Library Reference Book 07/04/2016 AHUJA 875.00 SGTU 6742 13 615.19 O14M FP1752 16/04/2025 16/04/2025 16/03/2016 Books Restricted Access
    Dewey Decimal Classification     PHARMACY SGT FA-FP Library SGT FA-FP Library Text Book 07/04/2016 AHUJA 875.00 SGTU 6742 31 615.19 O14M FP1753 20/02/2025 04/02/2025 16/03/2016 Books  
    Dewey Decimal Classification     PHARMACY SGT FA-FP Library SGT FA-FP Library Text Book 07/04/2016 AHUJA 875.00 SGTU 6742 25 615.19 O14M FP1754 21/08/2021 16/04/2021 16/03/2016 Books  
    Dewey Decimal Classification     PHARMACY SGT FA-FP Library SGT FA-FP Library Text Book 07/04/2016 AHUJA 875.00 SGTU 6742 22 615.19 O14M FP1755 03/11/2022 02/11/2022 16/03/2016 Books  
    Dewey Decimal Classification     PHARMACY SGT FA-FP Library SGT FA-FP Library Text Book 07/04/2016 AHUJA 875.00 SGTU 6742 28 615.19 O14M FP1756 09/11/2021 26/10/2021 16/03/2016 Books  
    Dewey Decimal Classification     PHARMACY SGT FA-FP Library SGT FA-FP Library Text Book 07/04/2016 AHUJA 875.00 SGTU 6742 13 615.19 O14M FP1757 30/07/2024 28/09/2021 16/03/2016 Books  
    Dewey Decimal Classification     PHARMACY SGT FA-FP Library SGT FA-FP Library Text Book 07/04/2016 AHUJA 875.00 SGTU 6742 31 615.19 O14M FP1758 18/11/2023 18/11/2023 16/03/2016 Books  
    Dewey Decimal Classification     PHARMACY SGT FA-FP Library SGT FA-FP Library Text Book 07/04/2016 AHUJA 875.00 SGTU 6742 23 615.19 O14M FP1759 21/03/2023 21/03/2023 16/03/2016 Books  
    Dewey Decimal Classification     PHARMACY SGT FA-FP Library SGT FA-FP Library Text Book 07/04/2016 AHUJA 875.00 SGTU 6742 20 615.19 O14M FP1760 05/12/2018 16/11/2018 16/03/2016 Books